| 000 | 01060nam a22003015i 4500 | ||
|---|---|---|---|
| 999 |
_c28791 _d28762 |
||
| 003 | EG-ScBUE | ||
| 005 | 20200922140823.0 | ||
| 008 | 200219s1998 ja f b 001 0 eng d | ||
| 020 | _a9784770023568 | ||
| 020 | _a4770023561 | ||
| 040 |
_aEG-ScBUE _beng _erda _cEG-ScBUE _dEG-ScBUE |
||
| 082 | 0 | 4 |
_a362.10952 _bMAR _222 |
| 100 | 1 |
_aMaruyama, Meredith Enman, _eauthor. |
|
| 245 | 1 | 0 |
_aJapan health handbook / _cMeredith Enman Maruyama, Louise Picon Shimizu, Nancy Smith Tsurumaki. |
| 250 | _aRevised edition. | ||
| 264 | 1 |
_aTokyo ; _aLondon : _bKodansha International, _c1998. |
|
| 300 |
_a380 pages ; _c22 cm |
||
| 336 |
_atext _btxt _2rdacontent |
||
| 337 |
_aunmediated _bn _2rdamedia |
||
| 338 |
_avolume _bnc _2rdacarrier |
||
| 504 | _aIncludes bibliographical references and index. | ||
| 650 | 7 |
_aMedical care _zJapan _vHandbooks, manuals, etc. _2BUEsh |
|
| 653 |
_bNNUR _cSeptember2020 |
||
| 700 | 1 |
_aShimizu, Louise Picon, _eauthor. |
|
| 700 | 1 |
_aTsurumaki, Nancy Smith, _eauthor. |
|
| 942 |
_2ddc _cBB |
||